| 000 | 00883 a2200229 4500 | ||
|---|---|---|---|
| 999 |
_c7811 _d7811 |
||
| 020 | _a9781506347158 | ||
| 050 | 0 | 0 | _aJK 468 ISS 2017 |
| 245 | 0 | 0 |
_aIssues for debate in American public policy / _c[edited by] CQ Researcher. |
| 250 | _a17th edition. | ||
| 264 | 1 |
_aThousand Oaks, California : _bSAGE/CQ Press, _c[2017] |
|
| 264 | 3 | _c♭2017. | |
| 300 |
_axviii, 407 pages : _billustrations, maps, graphs ; |
||
| 500 | _a"Racial conflict, transgender rights, immigrant detention, air pollution and climate change, campus sexual assault, marijuana industry, and more..."--Front cover. | ||
| 504 | _aIncludes bibliographical references. | ||
| 650 | 0 | _aPolitical planning | |
| 650 | 7 | _aPolitical planning. | |
| 650 | 7 | _aPolitics and government. | |
| 651 | 0 | _aUnited States | |
| 651 | 7 | _aUnited States. | |
| 710 | 2 |
_aCQ Researcher. _eeditor. |
|
| 942 |
_2lcc _cBK _e17th _h468 _iISS _kJK |
||